000 00441nam a2200181Ia 4500
001 17664
005 20260306171534.0
008 260306s9999||||xx |||||||||||||| ||und||
041 _aESP
082 _a658.15
_bB81
100 _aBravo Santillán, María de la Luz
_eAUT
245 0 _aIntroducción a las finanzas
260 _c2007
300 _a304 páginas :
_c27 cm.
650 _aGEN
654 _aCAN
942 _cLIB
_dJUS
_fJUS
_2ddc
_n
999 _c17664
_d17664